| 000 | 00453nam a22001457a 4500 | ||
|---|---|---|---|
| 020 | _a9789699704055 | ||
| 082 |
_a230.2 _bCHH |
||
| 100 | _aMuhammad Ashraf Chheenah | ||
| 245 |
_aThe New World Order or The kingdom of God on Earth _cMuhammad Ashraf Chheenah |
||
| 260 |
_aIslamabad: _bInterfaith Study and Research Centre; _c2020. |
||
| 300 | _a331p. | ||
| 563 | _aH.B | ||
| 650 |
_aKingdom of God _aevil in the world _9117991 |
||
| 942 |
_2ddc _cBK |
||
| 999 |
_c595280 _d595280 |
||